[Event "Mumbai Wealth op U13"]
[Site "Mumbai"]
[Date "2016.01.29"]
[Round "2"]
[White "Vansh, Aggarwal"]
[Black "Om, Kharola"]
[Result "0-1"]
[WhiteElo "1286"]
[BlackElo "1803"]
[PlyCount "98"]
[EventDate "2016.01.28"]
[EventType "swiss"]
[EventRounds "9"]
[EventCountry "IND"]
[SourceTitle "CBM 170 Extra"]
[Source "ChessBase"]
[SourceDate "2016.02.25"]
[SourceVersion "1"]
[SourceVersionDate "2016.02.25"]
[SourceQuality "1"]

1. e4 e5 2. Nf3 Nc6 3. Bb5 a6 4. Bxc6 dxc6 5. 0-0 Bg4 6. h3 h5 7. d3 Qf6 8. Be3 Bxf3 9. Qxf3 Qxf3 10. gxf3 Bd6 11. Nd2 Ne7 12. c4 Ng6 13. c5 Be7 14. Nc4 0-0-0 15. Rfd1 Bf6 16. b4 Nh4 17. a4 Nxf3+ 18. Kh1 g5 19. Kg2 Nh4+ 20. Kf1 Ng6 21. Ke2 Nf4+ 22. Bxf4 exf4 23. e5 Bxe5 24. Nxe5 Rhe8 25. d4 f6 26. Rg1 Rxd4 27. Kf3 Rxe5 28. Rab1 Ree4 29. b5 Rxa4 30. bxc6 bxc6 31. h4 g4+ 32. Kg2 f5 33. Rge1 f3+ 34. Kg3 f4+ 35. Kh2 Re2 36. Kg1 Raa2 37. Rbc1 g3 38. Rxe2 fxe2 39. fxg3 Rd2 40. Re1 Rd1 41. Kf2 f3 42. Kxf3 Rxe1 43. g4 hxg4+ 44. Kxg4 Rg1+ 45. Kf3 e1Q 46. h5 Rf1+ 47. Kg4 Qe4+ 48. Kh3 Rg1 49. h6 Qh1# 0-1